000 00391nam a2200145 i 4500
001 bg
100 1 _aHueckel, Stanisław
_d(1911-1980).
245 0 _aBudowle morskie.
_nT. 1,
_pWiadomości ogólne /
_cStanisław Hueckel.
250 _aWyd. 2 zaktual. i poszerz.
260 _aGdańsk,
_c1972.
040 _cBPK
041 _apol
942 _cKS
008 s pl f |000 0 pol
999 _c10010
_d10010
856 _uhttp://koha.tu.koszalin.pl/cgi-bin/koha/opac-detail.pl?biblionumber=10010
_yKatalog online BPK